AH International Schools' Libraries

Leonardo da Vinci: (Record no. 47698)

MARC details
000 -LEADER
fixed length control field 00351nam a2200121 4500
020 ## - INTERNATIONAL STANDARD BOOK NUMBER
International Standard Book Number 9781407192611
100 ## - MAIN ENTRY--PERSONAL NAME
Personal name Cox, Michael.
9 (RLIN) 36040
245 ## - TITLE STATEMENT
Title Leonardo da Vinci:
Remainder of title a stroke of genius /
Statement of responsibility, etc Michael Cox.
260 ## - PUBLICATION, DISTRIBUTION, ETC. (IMPRINT)
Place of publication, distribution, etc London:
Name of publisher, distributor, etc Scholastic;
Date of publication, distribution, etc 2019.
300 ## - PHYSICAL DESCRIPTION
Extent 183 p.
Other physical details ill.
700 ## - ADDED ENTRY--PERSONAL NAME
Relator code Illustrator.
Personal name Clive Goddard.
9 (RLIN) 82562
942 ## - ADDED ENTRY ELEMENTS (KOHA)
Source of classification or shelving scheme
Koha item type NON FIC SECTION
Holdings
Withdrawn status Lost status Source of classification or shelving scheme Damaged status Not for loan Collection code Home library Current library Date acquired Total Checkouts Total Renewals Full call number Barcode Date last seen Date checked out Price effective from Koha item type
          Non-Fiction Asian Hope Secondary Library Asian Hope Secondary Library 10/31/2024 3 2 920 VIN COX 206637 01/16/2026 09/16/2025 10/31/2024 NON FIC SECTION

For any Logos Library related questions please contact Miss Art at swongnarasuk@asianhope.org.

For any Asian Hope Library related questions please contact Miss Raza at graza@asianhope.org.

Powered by Koha